Food Deserts as a Consequence of Modernization of Food Retail

Chronológia modernizácie malobchodu od 1989-2004 až po súčasnosť

Salvato in:
Dettagli Bibliografici
Autore principale: Dudáš-Pajerská, Erika, 1988-
Natura: Capitolo di libro
Lingua:inglese
Soggetti:
Tags: Aggiungi Tag
Nessun Tag, puoi essere il primo ad aggiungerne!!

MARC

LEADER 00000naa a2200000 4500
001 0227086
005 20240523065544.4
041 0 |a eng 
044 |a SK 
245 1 0 |a Food Deserts as a Consequence of Modernization of Food Retail  |c Erika Dudáš-Pajerská 
520 |a Chronológia modernizácie malobchodu od 1989-2004 až po súčasnosť 
610 2 0 |a maloobchod 
610 2 0 |a potraviny 
610 2 0 |a modernizácia 
610 2 0 |a spotrebitelia 
610 2 0 |a púšte potravinové 
100 1 |a Dudáš-Pajerská, Erika, 1988-